[Event "Superettan(Farsta-Schack 08)"]
[Site "?"]
[Date "2023.10.13"]
[Round "1"]
[White "Lagerborg, Krister"]
[Black "Ask, Josef"]
[Result "0-1"]
[WhiteElo "2111"]
[BlackElo "2162"]
[PlyCount "118"]
[SourceVersionDate "2023.10.31"]

1. d4 Nf6 2. c4 g6 3. Nc3 Bg7 4. e4 d6 5. f3 O-O 6. Be3 e5 7. d5 Nh5 8. g4 Nf4
9. Nge2 f5 10. gxf5 gxf5 11. Qd2 Qh4+ 12. Bf2 Qh5 13. Nxf4 exf4 14. Be2 fxe4
15. Nxe4 Nd7 16. O-O-O Ne5 17. Bd4 Bf5 18. Rdg1 Kh8 19. Rg5 Qh6 20. Rhg1 Rf7
21. Qxf4 Bg6 22. Qg3 Nd3+ 23. Bxd3 Bxd4 24. Re1 Raf8 25. Kc2 Rxf3 26. Qg4 Qxh2+
27. Re2 Qh6 28. Rg2 R3f4 29. Qe6 Bg7 30. R5g3 Rh4 31. Rxg6 hxg6 32. Nd2 Rh2 33.
Qg4 Rxg2 34. Qxg2 Be5 35. Qxg6 Qxg6 36. Bxg6 Rf2 37. Kd3 Bf4 38. Nb3 Rxb2 39.
Nd4 Rxa2 40. Ne6 Be5 41. Nxc7 Ra3+ 42. Kd2 Kg7 43. Bd3 Kf6 44. Kc2 Ra2+ 45. Kb3
Rb2+ 46. Ka4 a6 47. Ne6 Bc3 48. Ka3 Rd2 49. Bf1 Ke5 50. Nd8 Rb2 51. Nf7+ Kf4
52. Nxd6 Rf2 53. Bd3 Rf3 54. Be4 Re3 55. Ka4 Rxe4 56. Nxe4 Kxe4 57. d6 Bf6 58.
Kb4 Kd4 59. c5 Kd5 0-1

[Event "Superettan(Burgsvik-Skara)"]
[Site "?"]
[Date "2023.10.13"]
[Round "1"]
[White "Eklund, Lars-Goran"]
[Black "Tuvesson, Mats"]
[Result "1-0"]
[WhiteElo "2168"]
[BlackElo "2009"]
[PlyCount "89"]
[SourceVersionDate "2023.11.03"]

1. Nf3 c5 2. c4 Nc6 3. d4 cxd4 4. Nxd4 g6 5. e4 Bg7 6. Be3 Nf6 7. Nc3 O-O 8.
Be2 d6 9. O-O a6 10. f3 Bd7 11. Qd2 Rc8 12. Rfd1 Nxd4 13. Bxd4 Be6 14. b3 Nd7
15. Rac1 Bxd4+ 16. Qxd4 Qa5 17. f4 Qc5 18. Qxc5 Rxc5 19. Bf3 Rb8 20. Ne2 f6 21.
Kf2 Bf7 22. g3 b6 23. Nd4 Nf8 24. Nc2 a5 25. Ne1 Rbc8 26. Nd3 R5c7 27. e5 dxe5
28. fxe5 Ne6 29. exf6 exf6 30. Bd5 Ng5 31. Nf4 Re8 32. Re1 Rce7 33. Rxe7 Rxe7
34. Re1 Rxe1 35. Kxe1 Kg7 36. h4 Bxd5 37. Nxd5 Ne4 38. Nxb6 Kf7 39. g4 h5 40.
gxh5 gxh5 41. Nd5 f5 42. Nf4 Kf6 43. Nd3 Ke6 44. a3 Kd6 45. Ke2 1-0

[Event "Superettan(Farsta-Schack 08)"]
[Site "?"]
[Date "2023.10.13"]
[Round "1"]
[White "Faldt, Magnus"]
[Black "Lindeman, Sven"]
[Result "1/2-1/2"]
[WhiteElo "2156"]
[BlackElo "2147"]
[PlyCount "39"]
[SourceVersionDate "2023.10.31"]

1. d4 d5 2. c4 dxc4 3. Nf3 a6 4. e3 b5 5. a4 Bb7 6. b3 e6 7. bxc4 bxc4 8. Bxc4
Nf6 9. O-O c5 10. Bb2 Nbd7 11. Nbd2 cxd4 12. Bxd4 Bc5 13. Qe2 O-O 14. Rfb1 Ra7
15. a5 Qa8 16. Bxc5 Nxc5 17. Rb6 Nd5 18. Bxd5 Bxd5 19. Qf1 Rd8 20. Rc1 1/2-1/2

[Event "Superettan(Burgsvik-Skara)"]
[Site "?"]
[Date "2023.10.13"]
[Round "1"]
[White "Larsson, Victor"]
[Black "Olsson, Simon"]
[Result "1/2-1/2"]
[WhiteElo "2169"]
[BlackElo "2054"]
[PlyCount "49"]
[SourceVersionDate "2023.11.03"]

1. d4 Nf6 2. c4 e6 3. Nf3 d5 4. g3 Nc6 5. Bg2 dxc4 6. O-O Rb8 7. Bg5 Be7 8. a4
h6 9. Bf4 Nd5 10. Ne5 Nxf4 11. Nxc6 Nxe2+ 12. Qxe2 bxc6 13. Qxc4 Rxb2 14. Bxc6+
Bd7 15. d5 O-O 16. Nc3 Rb4 17. Qa6 Rb6 18. Qxa7 Bxc6 19. dxc6 Rxc6 20. Nb5 Bc5
21. Qb7 Qa8 22. Qxa8 Rxa8 23. Rfc1 Ra5 24. Rc2 Rb6 25. Rxc5 1/2-1/2